Fruits - Sudden Death - Statistics

General Stats
  • This quiz has been taken 123 times
    105 since last reset
  • The average score is 11 of 15
Answers on the Grid
Answers color-coded by a green-red scale on the quiz's grid according to % correct below.
Tomato
Carrots
Apple
Banana
Potato
Peas
Avocado
Eggplant
Artichoke
Celery
Broccoli
Onions
Sweet Potato
Blueberry
Kiwi
Squash
Watermelon
Kale
Zucchini
Beets
Apricot
Okra
Asparagus
Lemon
Spinach
Garlic
Cauliflower
Pumpkin
Brussels Sprouts
Lemon
 
Answer Stats
Answer % Correct
Apple
98%
Blueberry
94%
Banana
93%
Kiwi
93%
Watermelon
89%
Lemon
88%
Lemon
88%
Tomato
88%
Apricot
84%
Avocado
83%
Pumpkin
48%
Squash
33%
Eggplant
32%
Zucchini
29%
Okra
23%
No matching quizzes found
Score Distribution
Percent of People with Each Score
Percentile by Number Answered
Your Score History
You have not taken this quiz since the last reset